Physics
I tiakina i:
| Ngā kaituhi matua: | , |
|---|---|
| Hōputu: | Pukapuka |
| Reo: | Ingarihi |
| I whakaputaina: |
Boston
Little, Brown and Company
1987
|
| Ngā marau: | |
| Ngā Tūtohu: |
Tāpirihia he Tūtohu
Kāore He Tūtohu, Me noho koe te mea tuatahi ki te tūtohu i tēnei pūkete!
|
MARC
| LEADER | 00000nam a2200000 a 4500 | ||
|---|---|---|---|
| 001 | UCT1090 | ||
| 003 | CL-VaPUC | ||
| 008 | 960913e19870000US |||||||||||||||||eng|d | ||
| 082 | 0 | 4 | |a 530 |b WOL |2 21 |
| 100 | 0 | |a Wolfson, Richard |e author |9 369841 | |
| 700 | 0 | |a Pasachoff, jay M |e author |9 369842 | |
| 245 | 1 | 0 | |a Physics |
| 300 | |a 1081 p | ||
| 942 | |c BK | ||
| 945 | |d 19960913 00:00:00 |a paguirre | ||
| 260 | |a Boston |b Little, Brown and Company |c 1987 | ||
| 650 | 0 | |a Física |9 227844 | |
| 650 | 0 | |a Energía |9 259431 | |
| 650 | 0 | |a Mecánica |9 260096 | |
| 650 | 0 | |a Gravitación |9 332312 | |
| 650 | 0 | |a Electromagnetismo |9 260123 | |
| 650 | 7 | |a CAMPOS MAGNETICOS |2 CL-VaPUC |9 369843 | |
| 650 | 7 | |a CORRIENTES ALTERNAS |2 CL-VaPUC |9 263344 | |
| 650 | 0 | |a Electrónica |9 263192 | |
| 583 | |a last modification |c 19960913 00:00:00 |k Rodrigo Vera | ||
| 999 | |c 251750 |d 251748 | ||